Cross Word for You (Record no. 47297)

MARC details
000 -LEADER
fixed length control field 00518nam a22001697a 4500
005 - DATE AND TIME OF LATEST TRANSACTION
control field 20260218162652.0
008 - FIXED-LENGTH DATA ELEMENTS--GENERAL INFORMATION
fixed length control field 260218b |||||||| |||| 00| 0 eng d
020 ## - INTERNATIONAL STANDARD BOOK NUMBER
International Standard Book Number 9789387791275
040 ## - CATALOGING SOURCE
Transcribing agency VITAP
082 ## - DEWEY DECIMAL CLASSIFICATION NUMBER
Edition number 23rd Ed.
Classification number 793.73 PRA
100 ## - MAIN ENTRY--PERSONAL NAME
Personal name Prasad, Veena
9 (RLIN) 17130
245 ## - TITLE STATEMENT
Title Cross Word for You
Statement of responsibility, etc. / Veena Prasad
260 ## - PUBLICATION, DISTRIBUTION, ETC.
Place of publication, distribution, etc. Chennai
Name of publisher, distributor, etc. THG (The Hindu Group) Publishing Private Limited
Date of publication, distribution, etc. 2024
300 ## - PHYSICAL DESCRIPTION
Extent 125p. : ill. ; 23cm
650 #0 - SUBJECT ADDED ENTRY--TOPICAL TERM
Topical term or geographic name entry element Crossword puzzles; Word games; Puzzles
9 (RLIN) 17131
942 ## - ADDED ENTRY ELEMENTS (KOHA)
Source of classification or shelving scheme Dewey Decimal Classification
Koha item type Text Book
Holdings
Withdrawn status Lost status Source of classification or shelving scheme Materials specified (bound volume or other part) Damaged status Not for loan Collection code Home library Current library Shelving location Date acquired Source of acquisition Cost, normal purchase price Inventory number Total Checkouts Full call number Barcode Date last seen Cost, replacement price Price effective from Koha item type Public note
    Dewey Decimal Classification Paper Back     Reference School of Business & General Section VIT-AP Reference 2026-01-12 The Hindu Group of Publications 199.00 9001173329   793.73 PRA 025484 2026-02-18 199.00 2026-01-12 Reference Book GEN
    Dewey Decimal Classification Paper Back       School of Business & General Section VIT-AP General Stacks 2026-01-12 The Hindu Group of Publications 199.00 9001173329   793.73 PRA 025485 2026-02-18 199.00 2026-01-12 Text Book GEN
    Dewey Decimal Classification Paper Back       School of Business & General Section VIT-AP General Stacks 2026-01-12 The Hindu Group of Publications 199.00 9001173329   793.73 PRA 025486 2026-02-18 199.00 2026-01-12 Text Book GEN
    Dewey Decimal Classification Paper Back       School of Business & General Section VIT-AP General Stacks 2026-01-12 The Hindu Group of Publications 199.00 9001173329   793.73 PRA 025487 2026-02-18 199.00 2026-01-12 Text Book GEN
    Dewey Decimal Classification Paper Back       School of Business & General Section VIT-AP General Stacks 2026-01-12 The Hindu Group of Publications 199.00 9001173329   793.73 PRA 025488 2026-02-18 199.00 2026-01-12 Text Book GEN

Visitor Number: